BIBLIOTHÈQUE DE LA MAISON DU MEXIQUE

Logo 1 Logo 2

Ignacio Asúnsolo (notice nᵒ 2548)

détails MARC
000 -Sello discográfico
campo de control de longitud fija 00972nam a2200301 4500
005 - Identificación de versión
campo de control 20251016083335.0
035 ## - Otros números de control del sistema
Número de control del sistema 23448
099 ## - fechas locales
Tipo de ítem Koha LIBRO
100 ## - Datos de procesamiento general
Datos de procesamiento general 19980112d1962 m y1spay5003 ba
105 ## - Campo de datos codificados: Material textual, monográfico
Datos codificados de monografía a 001zb
200 1# - Título y mención de responsabilidad
Título propio Ignacio Asúnsolo
Designación general del material texto impreso
Primer mención de responsabilidad Margarita Nelken
205 ## - Declaración de edición
Declaración de edición 1a ed
210 ## - Publicación, distribución, etc.
Lugar de publicación, distribución, etc. México
Nombre del editor, distribuidor, etc. Universidad Nacional Autónoma de México, Dirección General de Publicaciones
Fecha de publicación, distribución, etc. 1962
215 ## - Descripción física
Designación de material específico y extensión del ítem 102 p
Otras características físicas principalmente fot.
Dimensiones 23 cm
345 ## - Nota de información de adquisición
Fuente de adquisición/dirección de la suscripción [OBSOLETO] Donación
410 #1 - Series
Título Colección de Arte
Número de volumen 12
600 ## - Nombre personal usado como materia
Elemento de entrada Asúnsolo
Parte del nombre distinta del elemento de entrada Ignacio
Fechas 1890-1965
Subdivisión temática Crítica e interpretación
Número Koha 5807
606 ## - Término temático usado como materia
Elemento de entrada Escultura mexicana
Subdivisión cronológica Siglo XX
Número Koha 5808
660 ## - Código de área geográfica
Código MX
700 ## - Nombre personal - Responsabilidad primaria
Elemento de entrada Nelken
Parte del nombre distinta del elemento de entrada Margarita
Fechas 1896-1968
Número Koha 5809
801 #0 - Fuente de origen
Agencia cm
900 ## -
-- 1/15418
900 ## -
-- 710986985\\120198
942 ## - ELEMENTOS DE ENTRADA SECUNDARIOS (KOHA)
Tipo de ítem Koha Livre
996 ## -
-- MEX
-- 751145101
-- MMAG
-- 002296
-- 709.72 U58 V.12
-- 20200812LIV
Exemplaires
Estatus retirado Estado de daño Estado de pérdida Fecha de adquisición Biblioteca de origen Biblioteca actual Ubicación en estantería Código de barras Precio de reemplazo Signatura topográfica completa No para préstamo Tipo de ítem Koha Nota pública Nota no pública
      05/08/2025 Casa México Paris Casa México Paris   002296 05/08/2025 709.72 U58 V.12   Livre 20200812LIV 751145101